000 00465nam a2200157 4500
999 _c17466
_d17466
008 221021b ||||| |||| 00| 0 eng d
020 _a9780142424179
082 _22012
_aDFic
_bG820
100 _aGreen, John.
_946449
245 _aThe fault in our stars /
_cJohn Green.
260 _aU.S.A.:
_bPenguin Books,
_c©2014.
300 _a318 pages ;
_c21 cm.
650 _aCancer
_vFiction.
_946476
650 _aTerminally ill
_vFiction.
_946477
942 _2ddc
_cDFIC